Odgadnij państwo po sławnej osobie #3 - Statystyki

Ogólne statystyki
  • Ten quiz został rozwiązany 136 razy
  • Średni wynik to 5 z 10
Statystyki odpowiedzi
Osoba Państwo % Poprawnych
Lionel Messi Argentyna
100%
Kim Ir Sen Korea Północna
61%
Ferdynand Magellan Portugalia
55%
Fidel Castro Kuba
48%
Ferenc Puskas Węgry
43%
Sergio Perez Meksyk
42%
Józef Piłsudski Litwa
41%
Amancio Ortega Hiszpania
30%
Niels Bohr Dania
25%
Józef Tiso Słowacja
17%
Nie znaleziono quizów pasujących do podanych kryteriów
Rozkład punktacji
Procent ludzi z każdym wynikiem
Percentyl według liczby udzielonych odpowiedzi
Twoja historia wyników
Nie rozwiązałeś tego quizu